000 01350cam a2200373 a 4500
001 15786972
003 OSt
005 20230605120935.0
008 090623s2008 ug ab b 001 0deng
010 _a 2009314338
020 _a9789970128006
040 _aDLC
_cDLC
_dDLC
042 _alcode
043 _af-sj---
050 0 0 _aDT157.672
_b.I38 2008
082 _a324.7627
_bIGG
100 1 _aIgga, Wani.
245 1 0 _aSouthern Sudan :
_bBattles Fought and the Secrecy of Diplomacy /
_cWani Igga.
246 3 0 _aBattles fought and the secrecy of diplomacy
260 _aKampala :
_bRoberts & Brothers General Printers,
_c2008.
300 _aix, 420 p. :
_bill., maps ;
_c25 cm.
504 _aIncludes bibliographical references (p. 408-414) and index.
600 1 0 _aIgga, Wani.
610 2 0 _aSudan People's Liberation Movement.
651 0 _aSudan
_xPolitics and government.
651 0 _aSudan
_xForeign relations.
651 0 _aSouth Sudan
_xForeign relations.
651 0 _aSudan
_xEthnic relations
_xPolitical aspects.
651 0 _aAfrica, Northeast
_xPolitics and government.
651 0 _aAfrica, Northeast
_xEthnic relations.
906 _a7
_bcbc
_corigode
_d3
_encip
_f20
_gy-gencatlg
942 _2ddc
_cBK
999 _c357
_d357